[Event "New Players World Tournament"]
[Site "SchemingMind.com"]
[Date "2010.01.24"]
[Round "-"]
[White "Antares"]
[Black "grantcooper"]
[Result "1-0"]
[WhiteCountry "GER"]
[BlackCountry "GBR"]
[WhiteElo "2008"]
[WhiteRD "141"]
[BlackElo "1544"]
[BlackRD "95"]
[GameID "236344"]

1. d4 d5 2. e3 Nf6 3. c4 c6 4. Nc3 e6 5. Bd2 g6 6. Nf3 Bg7 7. Bd3 O-O 8. O-O b6 9. cxd5 cxd5 10. Rc1 Re8
11. Nb5 Ba6 12. Qe2 Bxb5 13. Bxb5 Re7 14. Ne5 a6 15. Nc6 Nxc6 16. Bxc6 Rc8 17. Qxa6 Rec7 18. Qxb6 Ne4 19. Ba5 Qd6 20. Bb4 Qd8
21. f3 Nd6 22. Bxd5 exd5 23. Bxd6 Rd7 24. Qxd8+ Rdxd8 25. Bb4 Bh6 26. Bd2 f5 27. Rxc8 Rxc8 28. Rc1 Re8 29. Kf2 Kf7 30. b4 g5
31. Rc7+ Kg6 32. Rc6+ Kf7 33. Rxh6 Kg7 34. Rc6 Ra8 35. Rc2 h5 36. b5 Rb8 37. Rb2 h4 38. a4 Kf7 39. b6 Ke7 40. a5 Kd7
41. Rc2 Kd8 42. Bb4 Kd7 43. Rc7+ Kd8 44. Bc5 Ra8 45. b7 Rb8 46. Bb6
1-0

[Event "New Players World Tournament"]
[Site "SchemingMind.com"]
[Date "2010.01.25"]
[Round "-"]
[White "NAZRIZ1977"]
[Black "grantcooper"]
[Result "1-0"]
[WhiteCountry "WLS"]
[BlackCountry "GBR"]
[WhiteElo "1805"]
[WhiteRD "56"]
[BlackElo "1438"]
[BlackRD "129"]
[GameID "236345"]

1. c4 e5 2. g3 Nf6 3. Bg2 Bc5 4. Nc3 O-O 5. e3 c6 6. d4 exd4 7. exd4 Re8+ 8. Nge2 d6 9. dxc5 Bg4 10. O-O d5
11. Bg5 b5 12. cxb6 axb6 13. h3 Bxe2 14. Nxe2 dxc4 15. Qxd8 Rxd8 16. Rfd1 Nbd7 17. Nd4 c5 18. Bxa8 Rxa8 19. Bxf6 Nxf6 20. Nc6 Ne4
21. Rd8+ Rxd8 22. Nxd8 c3 23. bxc3 Nxc3 24. a4 Kf8 25. a5 bxa5 26. Rxa5 c4 27. Nc6 Ne4 28. Ra8#
1-0

[Event "New Players World Tournament"]
[Site "SchemingMind.com"]
[Date "2010.01.26"]
[Round "-"]
[White "badpawn"]
[Black "grantcooper"]
[Result "0-1"]
[WhiteCountry "SWE"]
[BlackCountry "GBR"]
[WhiteElo "1110"]
[WhiteRD "131"]
[BlackElo "1421"]
[BlackRD "171"]
[GameID "236347"]

1. d4 d5 2. c4 Bf5 3. Nc3 Nf6 4. Nf3 e6 5. e3 Bd6 6. Nb5 O-O 7. Nxd6 cxd6 8. Qb3 Qc7 9. Bd2 dxc4 10. Qxc4 Rc8
11. Qxc7 Rxc7 12. Nh4 Rc2 13. Nxf5 exf5 14. Bc3 Nd5
0-1

[Event "New Players World Tournament"]
[Site "SchemingMind.com"]
[Date "2010.01.26"]
[Round "-"]
[White "Biagio"]
[Black "grantcooper"]
[Result "1-0"]
[WhiteCountry "ITA"]
[BlackCountry "GBR"]
[WhiteElo "1782"]
[WhiteRD "142"]
[BlackElo "1438"]
[BlackRD "129"]
[GameID "236348"]

1. e4 c5 2. d4 cxd4 3. c3 dxc3 4. Nxc3 e5 5. Nf3 Nc6 6. Bc4 Nf6 7. Bg5 Bb4 8. Rc1 d6 9. O-O Bg4 10. Re1 Rc8
11. a3 Bxf3 12. Qxf3 Nd4 13. Qd3 Ba5 14. b4 Bb6 15. Bb5+ Nxb5 16. Qxb5+ Rc6 17. Nd5 O-O 18. Nxf6+ gxf6 19. Bh6 Re8 20. Rxc6 bxc6
21. Qxc6 Re7 22. Qc3 Kh8 23. Rd1 Rc7 24. Qg3 Qg8 25. Qxg8+ Kxg8 26. Rxd6 Rc3 27. g3 Rxa3 28. Rxf6 Ra4 29. Rc6 Ra1+ 30. Kg2 Rd1
31. Rc8+ Rd8 32. Rxd8+ Bxd8 33. b5 Ba5 34. Be3 Bb6 35. Bxb6 axb6 36. Kf3 Kg7 37. Ke3 Kg6 38. f4 f6 39. fxe5 fxe5 40. Kd3 Kg5
41. Kc4 Kg4 42. Kd5 Kh3 43. Kxe5 Kxh2 44. Kf4 h5 45. e5
1-0

[Event "New Players World Tournament"]
[Site "SchemingMind.com"]
[Date "2010.01.27"]
[Round "-"]
[White "Nate_Young"]
[Black "grantcooper"]
[Result "1-0"]
[WhiteCountry "AUS"]
[BlackCountry "GBR"]
[WhiteElo "2005"]
[WhiteRD "128"]
[BlackElo "1306"]
[BlackRD "234"]
[GameID "236349"]

1. e4 e5 2. f4 exf4 3. Nf3 Nc6 4. d4 g5 5. h4 g4 6. Ne5 Nxe5 7. dxe5 d6 8. Bxf4 Bg7 9. Bc4 f6 10. Qd5 Qe7
11. exd6 c6 12. Qh5+ Kd8 13. dxe7+ Kxe7 14. Qf7+ Kd8 15. Bc7#
1-0

[Event "New Players World Tournament"]
[Site "SchemingMind.com"]
[Date "2010.01.24"]
[Round "-"]
[White "AKO_MISMO"]
[Black "Antares"]
[Result "0-1"]
[WhiteCountry "PHI"]
[BlackCountry "GER"]
[WhiteElo "1645"]
[WhiteRD "133"]
[BlackElo "2001"]
[BlackRD "140"]
[GameID "236462"]

1. d4 e6 2. Nf3 d5 3. g3 c5 4. e3 b6 5. c3 Nf6 6. Bg2 Ba6 7. Ne5 Bd6 8. Qa4+ b5 9. Qb3 O-O 10. O-O Qc7
11. f4 Nc6 12. Re1 b4 13. a3 Na5 14. Qd1 bxc3 15. Nxc3 Rab8 16. Rb1 Nb3 17. Bf1 Bxf1 18. Rxf1 cxd4 19. exd4 Nxd4
0-1

[Event "New Players World Tournament"]
[Site "SchemingMind.com"]
[Date "2010.01.24"]
[Round "-"]
[White "AKO_MISMO"]
[Black "NAZRIZ1977"]
[Result "0-1"]
[WhiteCountry "PHI"]
[BlackCountry "WLS"]
[WhiteElo "1683"]
[WhiteRD "138"]
[BlackElo "1805"]
[BlackRD "56"]
[GameID "236463"]

1. d4 Nf6 2. Nf3 g6 3. g3 Bg7 4. Bg2 d6 5. O-O O-O 6. Bg5 c6 7. Bxf6 Bxf6 8. e4 Bg4 9. Nbd2 Nd7 10. c3 c5
11. Nb3 Rc8 12. Re1 a6 13. h3 Bxf3 14. Bxf3 b5 15. Bg4 cxd4 16. cxd4 e6 17. Rc1 h5 18. Bf3 Qb6 19. Qd2 Rc4 20. Red1 Rfc8
21. Rxc4 bxc4 22. Na1 Nb8 23. h4 Nc6 24. d5 Ne5 25. Be2 a5 26. dxe6 fxe6 27. Qxd6 Rc6 28. Qa3 Nf7 29. Rd2 c3 30. bxc3 Rxc3
31. Nb3 Rxg3+ 32. Kf1 Rh3 33. Kg2 Bxh4 34. Kxh3 Qxf2 35. Rd8+ Bxd8 36. Nc1 Ng5#
0-1

[Event "New Players World Tournament"]
[Site "SchemingMind.com"]
[Date "2010.01.29"]
[Round "-"]
[White "AKO_MISMO"]
[Black "grantcooper"]
[Result "1-0"]
[WhiteCountry "PHI"]
[BlackCountry "GBR"]
[WhiteElo "1683"]
[WhiteRD "138"]
[BlackElo "1438"]
[BlackRD "129"]
[GameID "236464"]

1. d4 d5 2. Nf3 Nc6 3. Nc3 Bf5 4. a3 Nf6 5. g3 e6 6. Bg5 h6 7. Bxf6 Qxf6 8. Bg2 g5 9. Qd2 g4 10. Nh4 Nxd4
11. Nxf5 exf5 12. Nxd5 Qe5 13. O-O-O Bg7 14. Nc3 O-O-O 15. Qe3 Rhe8 16. Qxe5 Rxe5 17. e3 Ne6 18. Rxd8+ Nxd8 19. Rd1 Rc5 20. Nd5 Nc6
21. b4 Rc4 22. b5 Bc3 23. Nxc3 Rxc3 24. bxc6 b5 25. Rd3 Rc4 26. Rd7 Ra4 27. Kb2 Ra6 28. Rxf7 Rxc6 29. Bxc6 h5 30. Rf8#
1-0

[Event "New Players World Tournament"]
[Site "SchemingMind.com"]
[Date "2010.01.24"]
[Round "-"]
[White "AKO_MISMO"]
[Black "ptffp"]
[Result "1-0"]
[WhiteCountry "PHI"]
[BlackCountry "GBR"]
[WhiteElo "1683"]
[WhiteRD "138"]
[BlackElo "1254"]
[BlackRD "126"]
[GameID "236465"]

1. d4 d5 2. Nf3 Nf6 3. g3 Bf5 4. Bg2 e6 5. Bg5 h6 6. Bxf6 Qxf6 7. O-O c5 8. c3 Nc6 9. Re1 Be7 10. dxc5 Bxc5
11. e3
1-0

[Event "New Players World Tournament"]
[Site "SchemingMind.com"]
[Date "2010.01.24"]
[Round "-"]
[White "AKO_MISMO"]
[Black "badpawn"]
[Result "1-0"]
[WhiteCountry "PHI"]
[BlackCountry "SWE"]
[WhiteElo "1501"]
[WhiteRD "178"]
[BlackElo "1110"]
[BlackRD "131"]
[GameID "236466"]

1. d4 d5 2. Nf3 Nf6 3. g3 Bf5 4. Bg2 e6 5. Bg5 h6 6. Bxf6 Qxf6 7. O-O Nc6 8. c3 O-O-O 9. Nbd2 g5 10. Re1 Bg7
11. e4 dxe4 12. Nxe4 Qg6 13. Nfd2 e5 14. Nc5 exd4 15. Qb3 b6 16. Qa4 Na5 17. b4 Bd7 18. Nxd7 Rxd7 19. bxa5 dxc3 20. Nc4 Rd4
21. axb6 cxb6 22. Re7
1-0

[Event "New Players World Tournament"]
[Site "SchemingMind.com"]
[Date "2010.01.24"]
[Round "-"]
[White "AKO_MISMO"]
[Black "Biagio"]
[Result "1/2-1/2"]
[WhiteCountry "PHI"]
[BlackCountry "ITA"]
[WhiteElo "1501"]
[WhiteRD "178"]
[BlackElo "1656"]
[BlackRD "164"]
[GameID "236467"]

1. d4 d5 2. Nf3 Nf6 3. g3 g6 4. Bg2 Bg7 5. O-O O-O 6. Bg5 Nbd7 7. Bxf6 Nxf6 8. Nbd2 Bd7 9. Re1 Re8 10. c3 Qc8
11. e4 dxe4 12. Nxe4 Bf5 13. Nxf6+ Bxf6 14. Ne5 c6 15. Qa4 Bxe5 16. Rxe5 Bd7 17. Qb4 e6 18. Rae1 Qc7 19. h4 f6 20. R5e3 Rad8
21. h5 Kg7 22. Qc4 e5 23. dxe5 fxe5 24. hxg6 hxg6 25. Qh4 Qd6 26. Qg5 Qf6 27. Qxf6+ Kxf6 28. b3 Re7 29. f4 Rde8 30. Kf2 exf4
31. gxf4=
1/2-1/2

[Event "New Players World Tournament"]
[Site "SchemingMind.com"]
[Date "2010.01.25"]
[Round "-"]
[White "AKO_MISMO"]
[Black "Nate_Young"]
[Result "0-1"]
[WhiteCountry "PHI"]
[BlackCountry "AUS"]
[WhiteElo "1645"]
[WhiteRD "133"]
[BlackElo "2188"]
[BlackRD "84"]
[GameID "236468"]

1. d4 d5 2. Nf3 Nf6 3. g3 e6 4. Bg2 Be7 5. Bg5 h6 6. Bxf6 Bxf6 7. O-O O-O 8. Nbd2 c5 9. e3 Nc6 10. c3 Qb6
11. Qc2 cxd4 12. exd4 Bd7 13. Rfe1 Qc7 14. Nb3 b6 15. Rad1 a5 16. Nbd2 Nxd4 17. Nxd4 Bxd4 18. Qd3 Bc5 19. Nb3 Ba4 20. Rd2 Bxb3
21. axb3 a4 22. b4 Be7 23. Qe2 Rfe8 24. Qd3 a3 25. Ra1 axb2 26. Rxa8 Rxa8 27. Rxb2 Bf6 28. Rc2 Ra3 29. Bf1 Rxc3 30. Rxc3 Bxc3
31. b5 Qc5 32. Kg2 e5 33. Qb1 e4 34. Be2 Bd4 35. Qe1 g6 36. h4 h5 37. Kf1 f5 38. Kg2 Kg7 39. Bf1 Be5 40. Qd2 d4
0-1

[Event "New Players World Tournament"]
[Site "SchemingMind.com"]
[Date "2010.01.25"]
[Round "-"]
[White "Antares"]
[Black "AKO_MISMO"]
[Result "1-0"]
[WhiteCountry "GER"]
[BlackCountry "PHI"]
[WhiteElo "2001"]
[WhiteRD "140"]
[BlackElo "1645"]
[BlackRD "133"]
[GameID "236471"]

1. d4 Nf6 2. e3 d5 3. c4 e6 4. Nc3 Be7 5. Bd2 c6 6. Bd3 O-O 7. cxd5 exd5 8. Nge2 Bg4 9. O-O Bh5 10. f3 Bd6
11. Qc2 Nbd7 12. e4 dxe4 13. fxe4 Bxe2 14. Nxe2 Bc7 15. e5 Nd5 16. Bxh7+ Kh8 17. Rf3 c5 18. Qf5 cxd4 19. Qh5
1-0

[Event "New Players World Tournament"]
[Site "SchemingMind.com"]
[Date "2010.01.24"]
[Round "-"]
[White "NAZRIZ1977"]
[Black "AKO_MISMO"]
[Result "1-0"]
[WhiteCountry "WLS"]
[BlackCountry "PHI"]
[WhiteElo "1840"]
[WhiteRD "62"]
[BlackElo "1501"]
[BlackRD "178"]
[GameID "236472"]

1. c4 Nf6 2. g3 e5 3. Bg2 Bc5 4. Nc3 O-O 5. e3 c6 6. d4 exd4 7. exd4 Re8+ 8. Nge2 Bb4 9. O-O d6 10. a3 Bxc3
11. Nxc3 Bg4 12. Qc2 Nbd7 13. Bf4 Nf8 14. Rfe1 Ne6 15. Be3 Rc8 16. Qa4 d5 17. c5 a6 18. b4 h6 19. Qb3 Bf5 20. a4 Ng4
21. b5 Nxe3 22. fxe3 Ng5 23. bxc6 bxc6 24. Qb6 Bd3 25. a5 Qd7 26. Rab1 Bxb1 27. Nxb1 Rb8 28. Qxa6 Qf5 29. Qxc6 Nf3+ 30. Bxf3 Qxf3
31. a6 Rxb1 32. Qxe8+
1-0

[Event "New Players World Tournament"]
[Site "SchemingMind.com"]
[Date "2010.01.29"]
[Round "-"]
[White "grantcooper"]
[Black "AKO_MISMO"]
[Result "0-1"]
[WhiteCountry "GBR"]
[BlackCountry "PHI"]
[WhiteElo "1438"]
[WhiteRD "129"]
[BlackElo "1683"]
[BlackRD "138"]
[GameID "236473"]

1. e4 e6 2. d4 d5 3. exd5 exd5 4. c4 Be6 5. Qd3 dxc4 6. Qe3 Nf6 7. Bxc4 Bb4+ 8. Nc3 Nd5 9. Qe4 c6 10. Nf3 O-O
11. Bd2 Bxc3 12. Bd3 Bxd2+ 13. Nxd2 Nf6 14. Qh4 Nbd7 15. g4 Bxg4 16. O-O Bh5 17. Ne4 Bg6 18. Rfe1 Nxe4 19. Bxe4 Qxh4 20. Bxg6 fxg6
21. Re2 Rf4 22. Rae1 Raf8 23. Re7 Rxf2
0-1

[Event "New Players World Tournament"]
[Site "SchemingMind.com"]
[Date "2010.01.24"]
[Round "-"]
[White "badpawn"]
[Black "AKO_MISMO"]
[Result "0-1"]
[WhiteCountry "SWE"]
[BlackCountry "PHI"]
[WhiteElo "1110"]
[WhiteRD "131"]
[BlackElo "1501"]
[BlackRD "178"]
[GameID "236475"]

1. d4 Nf6 2. c4 e6 3. Nc3 Bb4 4. Qc2 c5 5. dxc5 Na6 6. a3 Bxc3+ 7. Qxc3 Nxc5 8. f3 b6 9. e4 d6 10. b4 Ncd7
11. Nh3 h6 12. Nf4 Bb7 13. Be2 Rc8 14. O-O e5 15. Nh3 O-O 16. Qe3 Ba6 17. b5 Bb7 18. Rd1 Nc5 19. f4 exf4 20. Nxf4 Nfxe4
21. Bb2 Re8 22. Qd4 Nf6
0-1

[Event "New Players World Tournament"]
[Site "SchemingMind.com"]
[Date "2010.01.25"]
[Round "-"]
[White "Biagio"]
[Black "AKO_MISMO"]
[Result "1-0"]
[WhiteCountry "ITA"]
[BlackCountry "PHI"]
[WhiteElo "1656"]
[WhiteRD "164"]
[BlackElo "1501"]
[BlackRD "178"]
[GameID "236476"]

1. e4 e6 2. d4 c5 3. Nf3 cxd4 4. c3 dxc3 5. Nxc3 Bb4 6. Bd2 Ne7 7. Bd3 Nbc6 8. O-O h6 9. Nb5 Bxd2 10. Nd6+ Kf8
11. Qxd2 Ng6 12. Rac1 Qe7 13. Be2 Qf6 14. Nxc8 Rxc8 15. Qxd7 Rb8 16. Rxc6 Qd8 17. Qxd8+ Rxd8 18. Rc7 Nf4 19. Bc4 g5 20. Rxb7 Rc8
21. b3 Kg7 22. Rxa7 Ra8 23. Rxa8 Rxa8 24. a4
1-0

[Event "New Players World Tournament"]
[Site "SchemingMind.com"]
[Date "2010.01.25"]
[Round "-"]
[White "Nate_Young"]
[Black "AKO_MISMO"]
[Result "1-0"]
[WhiteCountry "AUS"]
[BlackCountry "PHI"]
[WhiteElo "2005"]
[WhiteRD "128"]
[BlackElo "1338"]
[BlackRD "292"]
[GameID "236477"]

1. e4 e6 2. d4 c5 3. Nf3 cxd4 4. Nxd4 Nc6 5. Nc3 Bb4 6. Nb5 Bxc3+ 7. bxc3 a6 8. Nd6+ Kf8 9. Ba3 Nge7 10. Qh5 g6
11. Qf3 f5 12. exf5 exf5 13. O-O-O Qa5 14. c4 Nb4 15. Qb3 Nbc6 16. c5 Nd8 17. Bb4 Qc7 18. Qc3 Rg8 19. Qf6+
1-0